00270nam a2200097Ia 4500008004100000041000800041100002300049245005000072260003100122999001900153241105s9999 xx 000 0 und d aeng aAtre Jui H9182881 aSchool As An Ecosystem For Inclusive Learning bBNCA B-Arch ID, Punec2016 c361174d361174